Calderón: Actas del Congreso Internacional sobre Calderón y el Teatro Español del Siglo de Oro

Saved in:
书目详细资料
主要作者: García Lorenzo, Luciano (Author)
格式: 图书
语言:西班牙语
出版: Madrid Consejo Superior de Investigaciones Científicas 1983
丛编:Anejos de la revista Segismundo, 6
主题:
标签: 添加标签
没有标签, 成为第一个标记此记录!

MARC

LEADER 00000nam a2200000 a 4500
001 UCX0912
003 CL-VaPUC
005 20210619001805.0
008 900411e19830000sp 1 spa d
082 0 4 |a 862.09  |b GAR  |2 21 
100 |a García Lorenzo, Luciano  |e author  |9 616779 
245 1 0 |a Calderón: Actas del Congreso Internacional sobre Calderón y el Teatro Español del Siglo de Oro 
260 |a Madrid  |b Consejo Superior de Investigaciones Científicas  |c 1983 
300 |a 3 v 
490 0 |a Anejos de la revista Segismundo, 6 
583 |a last modification  |c 19900411 00:00:00  |k Rodrigo Vera 
600 1 7 |a CALDERON DE LA BARCA, PEDRO  |2 CL-VaPUC  |9 316207 
650 0 0 |a Teatro español  |9 265077 
650 0 7 |a HISTORIA Y CRITICA 1500-1700  |2 CL-VaPUC  |9 267964 
650 0 7 |a CONGRESOS, CONFERENCIAS, ETC  |2 CL-VaPUC  |9 255444 
650 0 0 |a Crítica e interpretación   |9 255042 
942 |c BK 
945 |d 19900411 00:00:00 
546 |a En Español 
518 |p Congreso Internacional sobre Calderón y el Teatro Español del Siglo de Oro, Madrid, 8 al 13 de Junio de 1981 
999 |c 382116  |d 382114 
952 |0 0  |1 0  |4 0  |6 862_090000000000000_GAR_1983  |7 0  |8 A  |9 503653  |a FDOPOS  |b FDOPOS  |d 2020-01-23  |h v.1  |i 2857154  |o 862.09 GAR 1983  |p 2857154  |r 2025-01-22  |w 2020-01-23  |y BK  |k MLH 
952 |0 0  |1 0  |4 0  |6 862_090000000000000_GAR_1983  |7 0  |8 A  |9 503654  |a FDOPOS  |b FDOPOS  |d 2020-01-23  |h v.2  |i 2857162  |o 862.09 GAR 1983  |p 2857162  |r 2025-01-22  |w 2020-01-23  |y BK  |k MLH 
952 |0 0  |1 0  |4 0  |6 862_090000000000000_GAR_1983  |7 0  |8 A  |9 503655  |a FDOPOS  |b FDOPOS  |d 2020-01-23  |h v.3  |i 2857170  |o 862.09 GAR 1983  |p 2857170  |r 2025-01-22  |w 2020-01-23  |y BK  |k MLH